Designing Web Interfaces

Guardado en:
Detalles Bibliográficos
Autores principales: Scott, Bill (Autor), Neil, Theresa (Autor)
Formato: Libro
Lenguaje:inglés
Publicado: Peking : O'Reilly Media, 2009
Edición:1. vyd.
Materias:
Etiquetas: Agregar Etiqueta
Sin Etiquetas, Sea el primero en etiquetar este registro!

MARC

LEADER 00000nam a22000003a 4500
001 stu182690
005 20150617225559.2
008 090406s2009----ch------------------eng-d
020 |a 978-0-596-51625-3 
040 |a STU  |b slo 
041 0 |a eng 
044 |a ch 
080 |a 004.51 
080 |a 004.738.5 
100 1 |a Scott, Bill  |4 aut 
245 1 |a Designing Web Interfaces 
250 |a 1. vyd. 
260 |a Peking :  |b O'Reilly Media,  |c 2009 
300 |a 309 s 
650 7 |a WWW  |2 stusub 
650 7 |a www aplikácie  |2 stusub 
650 7 |a web rozhrania  |2 stusub 
650 7 |a aplikačné programové rozhrania  |2 stusub 
650 7 |a používateľské rozhrania  |2 stusub 
650 7 |a internet  |2 stusub 
700 1 |a Neil, Theresa  |4 aut 
996 |b 284EK87970  |c E*87970  |l EE30  |s P  |a 0  |w stu182690_0001